00315nam a2200121Ia 4500008004100000082001000041100002500051245002400076260003700100300000800137630002400145730002400169100204s9999 xx 000 0 und d b20919 aGEHANI H.D. & PAREKH aINORHANIC CHEMISTRY b"AAR SHRTH & CO, BOMBAY"c1972 6 a546 aINORHANIC CHEMISTRY aINORHANIC CHEMISTRY